Quizzes
Events
Quiz Creation
Community
Videos
Private Events
Remove Ads
Sign In
Join for FREE
Feedback
Dark Mode
Quiz Categories
Sports
Geography
Music
Movies
Television
Just For Fun
Miscellaneous
History
Literature
Language
Science
Gaming
Entertainment
Religion
Holiday
For Kids
Quiz Lab
Recent
Popular Today
Quiz Kudos Today
Editor Picks
Curator Picks
Quizzes by...
Day
Popularity
Type
Ratings
Length
Year
Community
Subscriptions
Recent Discussions
Orange Saloon
Badges
Playlists
Quests
Create
Leaderboards
Showdown
Live 5
Trivia Bingo
Activity
Puzzle Library
Sporcle Events
Private Events
Virtual Trivia
Globe League
Become a Host
Pub Owners
SporcleCon
Opinionation
Our Games
Videos
Blog
Mobile Apps
Partnerships
Remove Ads and Go Orange
Feedback
Language
Vocabulary
Begins and Ends
Definition
Spanish
French
German
Italian
Chinese
Latin
Translation
Japanese
Language
Vocabulary
Begins and Ends
Definition
Spanish
French
German
Italian
Chinese
Latin
Translation
Japanese
Random Quiz
Search Sporcle
×
Quiz Lab
Quiz Lab
Language
French
Type in answers that appear in a list
Type in answers that appear in a list
Classic
Best Score? Go Orange.
French Spelling Practice2 Stats
Can you name the french equivalent (including accents)?
By
jess869
10m
40 Questions
15 Plays
15 Plays
15 Plays
Comments
Comments
Give Quiz Kudos
Give Quiz Kudos
-
- Ratings
hide this ad
Random Order
Randomize order of answers
Randomize order of answers
Replay
Link that replays current quiz
Next Quiz
Link to next quiz in quiz playlist
You Got
0%
They Got
Avg Score
71%
Avg Friend Score
Upgrade to see
Score Distribution
Jump to the score distribution portion of the page
Score
0/40
Timer
10:00
0
Plays Today
English
French à á â ç é è ê î ô ù
% Correct
a debate
un débat
100%
a house
une maison
100%
pale
pâle
100%
completely
complètement
93.3%
short
court
93.3%
to discuss
discuter
93.3%
confidence
la confiance
86.7%
a change
un changement
86.7%
an evaluation
une évaluation
86.7%
a bike
un vélo
86.7%
a metre
un mètre
86.7%
over there
là-bas
86.7%
to bring
apporter
86.7%
Conservative
conservateur
86.7%
in particular
en particulier
86.7%
a secret
un secret
80%
clothes
les vêtements
80%
presidential elections
les élections présidentielles
80%
separation
la séparation
80%
darling
chéri
73.3%
English
French à á â ç é è ê î ô ù
% Correct
to penetrate
pénétrer
73.3%
to broadcast
diffuser
73.3%
a discussion
une discussion
73.3%
to light/
clear up
éclairer
66.7%
segregation
la ségrégation
66.7%
an area/
district
un quartier
66.7%
a main theme
un thème principal
66.7%
a garantee
une garantie
60%
a demographic
une démographie
60%
the proposed measures
les mesures proposées
60%
part-
time work
le travail à temps partiel
60%
job insecurity
la précarité
53.3%
the will (power)
la volonté
53.3%
German Chancellor
le chancelier allemand
53.3%
sweat
la sueur
46.7%
advantageous
advantageux
40%
blade
une pale
40%
worried about
inquiet pour
40%
suntan
le hâle
20%
dreadful
epouvantable
13.3%
Quiz Playlist
Details
Report
Send in Message
Add To Playlist
Classic:
Type in answers that appear in a list
Random Order:
Randomize order of answers
Last Updated: Feb 16, 2017
Quiz Scoreboard
CHALLENGE
Sign Up to Join the Scoreboard
Show All
Scores
Hide
Comments
May contain spoilers
Recently Published
9x9 Crossword: Cartoon Network
by jackfrog10
Miscellaneous
3m
College Basketball Coaching Resumes
by pancakes188
Sports
9m
Billboard Blitz: Fleetwood Mac
by CooCooCachoo
Music
15s
More to Explore
Quiz From the Vault
Featured Blog Post
Where Did the Easter Bunny Come From?
hide this ad
You Might Also Like...
Tags
French Quiz
Spelling
Today's Top Quizzes in Language
Browse Language
hide this ad
Today's Top Quizzes in French
Browse French
Top Contributed Quizzes in Language
1
1-10 Letter F Words III
2
1-10 Letter G Words III
3
Alphabetize! : 'As' words
4
1-10 Letter H Words III
5
Celtic Nations in their Language
6
1-10 Letter I Words III
7
One Thing in Common: Italy
8
Order Up: Top 10 Most Native Spoken Languages
9
1-10 Letter J Words III
10
Weisst du, aus welchen Sprachen diese Wörter stammen?
Explore More
Trending Topics
Disney
Marvel
Kpop
Harry Potter
Crossword
NBA
Anime
WWE
Pokémon
Puzzle
The Office
Song
NFL
Country
Soccer
hide this ad
More By:
jess869
Quiz
Plays
Rating
Category
Featured
Created
French: Masculine or Feminine
5,899
4.75
Language
May 1, 2012
Spanish: 1- 10
2,186
3.67
Language
Sep 21, 2012
French: Gender
2,136
5.00
Language
May 4, 2012
Spanish: Advanced Verbs
604
4.75
Language
Dec 20, 2011
French: Gender (Exceptions to the rules)
451
4.00
Language
May 4, 2012
Go to Creator's Profile
Score Distribution
Quiz Creator Spotlight
jess869
Follow
Send a Message
Quizzes Created
-
Created Quiz Play Count
-
More By This Creator
Popular Quizzes Today
1
Find the US States - No Outlines Minefield
2
Find the Countries of Europe - No Outlines Minefield
3
The Countries of the World
4
Find the US States
5
Risky Map Clicking: Biggest States A-Z
6
US States
7
Popular People in 1961
8
Movies - When Are They Set?
More Language Quizzes
Everything Is Better with Mom
Published
Trending Quizzes
Risky Map Clicking: Least Populous States A-Z
1-10 Letter G Words
1-10 Letter F Words
Risky Map Clicking: Next State Alphabetically
Adjectives in 80s TV Shows
Recently Updated
Leaping Animals
pecheneg
Reality TV Shows (A-Z)
bhenderson79
Rickey Henderson's Hall of Fame Teammates
pecheneg
Champions League XIs: Arsenal
pecheneg
Quick Pick: Celebrities in WWE's Hall of Fame
aduchscher
A-Z Keypad Blitz II
pecheneg
Multiple Oscar Actors
pecheneg
Mystery Phrase Blitz: Oscar 'Best Actors'
pecheneg
F. Scott Fitzgerald Novels
LTH
Pick 3 Villains
ddd62291
Trending Topics
Disney
Kpop
Marvel
Harry Potter
Anime
NBA
Crossword
The Office
Puzzle
WWE
Soccer
Pokémon
Country
Song
NFL
Your Account Isn't Verified!
In order to create a playlist on Sporcle, you need to verify the email address you used during registration. Go to your
Sporcle Settings
to finish the process.
Report this User
Report this user for behavior that violates our
Community Guidelines
.
Details:
Send Report
Go to the Sporcle.com Mobile Site →
Comments